| 000 | 00367nam a22001457a 4500 | ||
|---|---|---|---|
| 999 |
_c26921 _d26921 |
||
| 003 | BDDh-ASL | ||
| 005 | 20231015030712.0 | ||
| 008 | 211020n xx ||||| |||| 00| 0 u d | ||
| 040 |
_aBDDh-ASL _cBDDh-ASL |
||
| 082 |
_a297.3 _bMIF |
||
| 245 | 0 | 0 | _aMiftahul Jannat : / مفتاح الجنۃ |
| 300 |
_a185 p. : _c23 cm. |
||
| 650 | 0 |
_91652 _aIslam |
|
| 942 |
_2ddc _cBK |
||